000 00770cam a22002653a 4500
001 6616
003 PGUSA
005 20140828083135.0
008 060422s2006||||xxu|||||s|||||000 1 eng d
040 _aPGUSA
_beng
042 _adc
050 4 _aPR
100 1 _aHichens, Robert,
_d1864-1950
245 1 0 _aDecember Love
_h[electronic resource] /
_cRobert Hichens
260 _bProject Gutenberg,
_c2006
506 _aPublic domain in the USA.
516 _aElectronic text
653 _aJewelry theft -- Fiction
653 _aLove stories
653 _aMystery fiction
653 _aLondon (England) -- Social life and customs -- 20th century -- Fiction
830 0 _aProject Gutenberg
_v6616
856 4 0 _uhttp://www.gutenberg.org/ebooks/6616
942 _cEB
999 _c235936
_d235936